000 00393nam a2200157Ia 4500
008 210716s2018 xx 000 0 und d
020 _a9789352991174
041 _aeng
082 _a331 CHAS
100 _aChakraborty, Suman Kalyan.
245 _aLabour economics.
250 _a1
260 _aMumbai
_bHimalaya Publishing House
_c2018
300 _a442
650 _aLabor economics(331)
999 _c210885
_d210885